| 000 | 01106nam a2200313 i 4500 | ||
|---|---|---|---|
| 001 | 000048653 | ||
| 003 | DO-SdBNP | ||
| 005 | 20260326145234.0 | ||
| 007 | ta | ||
| 008 | 190405s2015 dr 000 0 spa d | ||
| 020 | _a9789945891287 | ||
| 040 |
_aDO-SdBNP _bspa _cBNPHU _erda |
||
| 041 | _aspa | ||
| 082 | 4 |
_aRD864.44 _bR789t _222 |
|
| 100 | 1 |
_aRosario Candelier, Bruno, _d1941- _eautor _9851 |
|
| 245 | 1 | 3 |
_aLa trayectoria literaria de Bruno Rosario Candelier : _bestudios de varios autores en honor del humanista dominicano / _cdirigida por Bruno Rosario Candelier. |
| 264 | 4 |
_aSanto Domingo, República Dominicana : _bAcademia Dominicana de la Lengua, _c©2015. |
|
| 300 |
_a579 páginas ; _c23 cm. |
||
| 336 |
_ardacontent _btexto _2txt |
||
| 337 |
_ardamedia _bsin mediación _2n |
||
| 338 |
_ardacarrie _bvolumen _2nc |
||
| 490 | 0 |
_aEstudios literarios _v7 |
|
| 500 | _aIncluye datos biografícos del autor en la solapa de la portada. | ||
| 590 | _aInventariado, 2019/ YL | ||
| 650 | 0 |
_aEnsayos dominicanos _965 |
|
| 650 | 0 |
_aLiteratura dominicana. _967 |
|
| 910 | _aYL | ||
| 942 |
_2ddc _cLBS1 |
||
| 999 |
_c48141 _d48141 |
||